Kiállítási csarnok épül
Elmentve itt :
| Dokumentumtípus: | Cikk |
|---|---|
| Megjelent: |
1967-05-27
|
| Sorozat: | Délmagyarország
57 No. 123 |
| Kulcsszavak: | Szegedi Ipari Vásár és Kiállítás, Építkezés kiállítási csarnok Szeged 1967 |
| Online Access: | http://dmarchiv.bibl.u-szeged.hu/67862 |
| LEADER | 00470nab a2200145 i 4500 | ||
|---|---|---|---|
| 001 | delm67862 | ||
| 005 | 20180927153720.0 | ||
| 008 | 180927s1967 hu o 0|| hun d | ||
| 040 | |a SZTE Délmagyarország Archívum |b hun | ||
| 041 | |a hun | ||
| 245 | 0 | 0 | |a Kiállítási csarnok épül |h [elektronikus dokumentum] |
| 260 | |c 1967-05-27 | ||
| 300 | |a 5 | ||
| 490 | 0 | |a Délmagyarország |v 57 No. 123 | |
| 695 | |a Szegedi Ipari Vásár és Kiállítás, Építkezés kiállítási csarnok Szeged 1967 | ||